MDQL
is popping MORE tags! Check the
thread
!
Quizzes
Events
Quiz Creation
Community
Videos
Private Events
Remove Ads
Sign In
Join for FREE
Feedback
Dark Mode
Quiz Categories
Sports
Geography
Music
Movies
Television
Just For Fun
Miscellaneous
History
Literature
Language
Science
Gaming
Entertainment
Religion
Holiday
For Kids
Quiz Lab
Recent
Popular Today
Quiz Kudos Today
Editor Picks
Curator Picks
Quizzes by...
Day
Popularity
Type
Ratings
Length
Year
Community
Subscriptions
Recent Discussions
Orange Saloon
Badges
Playlists
Quests
Create
Leaderboards
Showdown
Live 5
Trivia Bingo
Activity
Puzzle Library
Sporcle Events
Private Events
Virtual Trivia
Globe League
Become a Host
Pub Owners
SporcleCon
Opinionation
Our Games
Videos
Blog
Mobile Apps
Partnerships
Remove Ads and Go Orange
Feedback
Music
Pop Music
The Beatles
Song
Album
Lyrics
Bands
Singers
Artist
Clip
Rock
Rap
Classical
Billboard
Country Music
Kpop
Taylor Swift
Music
Pop Music
The Beatles
Song
Album
Lyrics
Bands
Singers
Artist
Clip
Rock
Rap
Classical
Billboard
Country Music
Kpop
Taylor Swift
Random Quiz
Search Sporcle
×
Quiz Lab
Quiz Lab
Music
Rock
Type in answers that appear in a list
Type in answers that appear in a list
Classic
Best Score? Go Orange.
Figure Out the Tori Amos Lyrics Stats
Can you guess the lyrics to this Tori Amos song with no hints?
By
sundaytodrown
18m
270 Questions
380 Plays
380 Plays
380 Plays
Comments
Comments
Give Quiz Kudos
Give Quiz Kudos
-
- Ratings
hide this ad
Replay
Link that replays current quiz
Next Quiz
Link to next quiz in quiz playlist
You Got
0%
They Got
Avg Score
56%
Avg Friend Score
Upgrade to see
Score Distribution
Jump to the score distribution portion of the page
Score
0/270
Timer
18:00
0
Plays Today
Lyrics
% Correct
I
95%
I
95%
I
95%
I
95%
I
95%
I
95%
I
95%
I
95%
I
95%
a
93.7%
a
93.7%
A
93.7%
a
93.7%
a
93.7%
a
93.7%
the
91.8%
the
91.8%
The
91.8%
the
91.8%
the
91.8%
you
87.8%
you
87.8%
you
87.8%
you
87.8%
you
87.8%
You
87.8%
you
87.8%
you
87.8%
you
87.8%
you
87.8%
you
87.8%
you
87.8%
you
87.8%
you
87.8%
you
87.8%
me
80.4%
me
80.4%
me
80.4%
me
80.4%
me
80.4%
To
79.9%
to
79.9%
to
79.9%
to
79.9%
to
79.9%
to
79.9%
To
79.9%
In
78.8%
in
78.8%
And
77.5%
And
77.5%
be
76.2%
be
76.2%
be
76.2%
do
74.1%
it
74.1%
it
74.1%
do
74.1%
do
74.1%
my
73.3%
my
73.3%
my
73.3%
my
73.3%
my
73.3%
my
73.3%
my
73.3%
my
73.3%
on
73%
your
73%
your
73%
your
73%
on
73%
your
73%
your
73%
on
73%
your
73%
your
73%
so
70.4%
So,
70.4%
so
70.4%
so
70.4%
So,
70.4%
so
70.4%
So,
70.4%
no
68.5%
no
68.5%
no
68.5%
Of
67.7%
of
67.7%
when
67.2%
Lyrics
% Correct
when
67.2%
when
67.2%
when
67.2%
when
67.2%
her
66.7%
girl
66.4%
girl
66.4%
girl
66.4%
girl
66.4%
girl
66.4%
girl
66.4%
was
65.9%
was
65.9%
Was
65.9%
was
65.9%
what
63%
that
62.7%
that
62.7%
that
62.7%
That
62.7%
that
62.7%
there
61.4%
there
61.4%
they
60.3%
they
60.3%
they
60.3%
know
59.3%
know
59.3%
know
59.3%
You're
58.5%
want
58.2%
want
58.2%
want
58.2%
Don't
56.9%
Don't
56.9%
where
56.9%
Don't
56.9%
all
56.3%
all
56.3%
all
56.3%
never
55.8%
never
55.8%
Then
54.8%
say
54.5%
can't
54.2%
ever
54.2%
can't
54.2%
But
52.4%
But
52.4%
But
52.4%
like
51.6%
I'll
51.6%
I'll
51.6%
I'll
51.6%
got
51.3%
From
51.3%
got
51.3%
got
51.3%
From
51.3%
got
51.3%
got
51.3%
tell
51.3%
em
51%
em
51%
how
50.8%
or
50.5%
them
50.5%
take
50%
take
50%
tell
49.7%
good
49.7%
tell
49.7%
little
49.2%
Little
49.2%
little
49.2%
Little
49.2%
little
49.2%
Little
49.2%
here
48.4%
here
48.4%
here
48.4%
out
46.8%
way
46.8%
down
46.3%
own
45.5%
get
45.5%
own
45.5%
own
45.5%
name
45%
name
45%
Lyrics
% Correct
name
45%
Cause
44.4%
Cause
44.4%
Cause
44.4%
came
42.9%
by
42.3%
home
41%
home,
41%
home,
41%
arms
40.7%
harm
39.9%
harm
39.9%
harm
39.9%
wanted
39.2%
mommy
38.6%
mommy
38.6%
mommy
38.6%
mommy
38.6%
mommy
38.6%
mommy
38.6%
keep
38.4%
come
38.4%
friend
37.6%
didn't
37%
baby
37%
Those
37%
those
37%
face
36.5%
before
36.5%
place
34.9%
bout
34.4%
find
34.1%
they'll
33.9%
they'll
33.9%
they'll
33.9%
happy
33.3%
hit
32.8%
found
32.8%
playboy
32.5%
playboy
32.5%
playboy
32.5%
playboy
32.5%
playboy
32.5%
playboy
32.5%
help
32.3%
harsh,
31%
harsh,
31%
harsh,
31%
Fell
30.7%
judge
30.7%
judge
30.7%
judge
30.7%
floor
30.2%
brain
28.8%
platforms
28.6%
friends
28%
American
28%
soldiers
28%
friends
28%
soldiers
28%
magic
27.5%
few
27.2%
counts
27.2%
loud
27.2%
few
27.2%
played
26.2%
Played
26.2%
angels
25.9%
bells
25.9%
died
25.9%
grave
25.4%
fantasy
25.1%
cross
25.1%
cross
25.1%
Talkin'
25.1%
Cross
25.1%
bridge
24.9%
Birmingham
24.9%
bridge
24.9%
Birmingham
24.9%
bridge
24.9%
church
24.3%
Gloria
24.3%
seemed
23.5%
Somewhere
23.5%
ashamed
23.3%
Ashamed
23.3%
grow
23%
Hosanna
21.2%
orchids
20.1%
Quiz Playlist
Details
Report
Send in Message
Add To Playlist
Classic:
Type in answers that appear in a list
Last Updated: Feb 15, 2018
Quiz Scoreboard
CHALLENGE
Sign Up to Join the Scoreboard
Show All
Scores
Hide
Comments
May contain spoilers
Recently Published
Image Sorting: Flags VI
by Barbecue
Geography
2m
Find the 'City' Movie
by crazypaving
Movies
60s
Colored Red Africa Blitz
by spor1
Geography
45s
More to Explore
Quiz From the Vault
Featured Blog Post
14 Easter Pick-up Lines to Find Eggs With
hide this ad
You Might Also Like...
Tags
Lyrics Quiz
Rock Quiz
Alternative Music
Figure Out the Lyrics
Rock Songs
Tori Amos
Today's Top Quizzes in Music
Browse Music
hide this ad
Today's Top Quizzes in Rock
Browse Rock
Top Contributed Quizzes in Music
1
5X2 Blitz: Bands II
2
5X2 Blitz: The Beatles
3
Taylor Swift All Songs (2024)
4
5X2 Blitz: Billboard
5
5X2 Blitz: Billboard II
6
5X2 Blitz: Album
7
Taylor Swift Logic Puzzle II
8
5X2 Blitz: Singers
9
5X2 Blitz: Rock
10
5X2 Blitz: Lyrics
Explore More
Trending Topics
Anime
Crossword
Harry Potter
Disney
NBA
Marvel
Kpop
Soccer
Pokémon
Puzzle
NFL
The Office
WWE
Country
Song
hide this ad
More By:
sundaytodrown
Quiz
Plays
Rating
Category
Featured
Created
Figure Out the Tori Amos Lyrics
380
5.00
Music
May 28, 2017
Go to Creator's Profile
Score Distribution
Quiz Creator Spotlight
sundaytodrown
Follow
Send a Message
Quizzes Created
-
Created Quiz Play Count
-
More By This Creator
Popular Quizzes Today
1
Colored Red Africa Blitz
2
Find the US States - No Outlines Minefield
3
Find the 'City' Movie
4
5x2 Blitz: Bands
5
The Countries of the World
6
Find the US States
7
Find the Countries of Europe - No Outlines Minefield
8
US States
More Music Quizzes
Quick Pick: Tori Amos Songs
Curator's Pick
Trending Quizzes
Colored Red Europe Blitz I
Colored Red Europe Blitz II
Colored Red Africa Blitz II
Colored Red Europe Blitz III
Colored Red Africa Blitz III
Recently Updated
How Do You Spell That?
pecheneg
Godzilla Movies
pecheneg
Grab Bag: 4-10 Letters
pecheneg
2024 March Madness Bracket
pecheneg
Famous TV Couples
Peacemaker
Champions League XIs: Real Madrid
pecheneg
Largest US Cities 1790-2010
pecheneg
Rides in Walt Disney World
pecheneg
Most Oscar Losses (Acting)
pecheneg
Beyoncé Albums
pecheneg
Trending Topics
Crossword
NBA
Anime
Harry Potter
Marvel
Kpop
Disney
WWE
Soccer
NFL
Puzzle
Pokémon
The Office
Country
Song
Your Account Isn't Verified!
In order to create a playlist on Sporcle, you need to verify the email address you used during registration. Go to your
Sporcle Settings
to finish the process.
Report this User
Report this user for behavior that violates our
Community Guidelines
.
Details:
Send Report
Go to the Sporcle.com Mobile Site →
Comments